000 00592nam a2200229 a 4500
999 _c2702
_d2702
001 2702
003 BD-JhCC
005 20230205134024.0
008 171106s2006 n |||| ||a| 000 0 eng d
020 _a139780471719335
035 _a(BD-JhCC) 2702
040 _aBD-JhCC
_dBD-JhCC
041 _aeng
082 _a932.021
_bCOL 2006
100 _aCollins, Stephen Dando
245 _aCleopatra's kidnappers /
_c Stephen Dando Collins
260 _aNewyork :
_bWIlEy ,
_c2006
300 _a286 p .:
_c22 cm .
650 _aCleopatra,Queen of Egypt
942 _2ddc
_cBK
_03